Top 10 Najpopularniejszych Piosenek White'a 2115 - Statystyki

Ogólne statystyki
  • Ten quiz został rozwiązany 498 razy
  • Średni wynik to 6 z 10
Statystyki odpowiedzi
Hint Odpowiedź % Poprawnych
1. 102 370 822 California
100%
5. 31 940 462 Morgan
75%
2. 47 930 983 Mogę dziś umierać
72%
7. 20 760 299 Rockstar
68%
4. 36 292 925 La Vida Loca
63%
6. 22 068 041 Pałac
56%
3. 37 186 870 Nowi kumple
55%
8. 18 012 487 Noc
53%
9. 16 797 758 Do zachodu słońca
48%
10. 11 412 385 Trzy Butelki
37%
Nie znaleziono quizów pasujących do podanych kryteriów
Rozkład punktacji
Procent ludzi z każdym wynikiem
Percentyl według liczby udzielonych odpowiedzi
Twoja historia wyników
Nie rozwiązałeś tego quizu